| 000 | 00782nam1a22002411 4500 | ||
|---|---|---|---|
| 001 | rc\4568128 | ||
| 005 | 20130416185707.9 | ||
| 035 | _a(NLR Aleph) 008372840 | ||
| 090 |
_a9068833 _c9068833 |
||
| 100 | _a20130416d1958 |||y0rusy50 ca | ||
| 101 | 0 | _arus | |
| 102 | _aRU | ||
| 105 | _a z ||||| | ||
| 200 | 1 |
_aКонспект лекций по курсу "Архитектурные конструкции" _eЧ. 1- _fЛенингр. Краснознам. воен.-воздуш. инж. акад. им. А.Ф. Можайского |
|
| 210 |
_aЛенинград _cБ. и. _d1958 |
||
| 215 | _d28 | ||
| 300 | _aЛитогр. | ||
| 700 | 1 |
_aМажара _bП. И. |
|
| 801 | 0 |
_aRU _bNLR _gpsbo |
|
| 801 | 1 |
_aRU _bELAR _2rusmarc |
|
| 852 |
_aNLR _j58-8/432 |
||
| 942 | _cBOOK | ||
| 980 | _aNB | ||